| 000 | 00719nam a2200229 4500 | ||
|---|---|---|---|
| 003 | OSt | ||
| 005 | 20240722125544.0 | ||
| 008 | 240716b |||||||| |||| 00| 0 eng d | ||
| 020 | _a46200290x (hardback) | ||
| 040 |
_aNUST _beng _cNUST _dNUST _erda |
||
| 050 | _aNA2860 MAR | ||
| 100 |
_d1969 _eEditor _qHermann Bondi. |
||
| 245 | _aArchitecture Today/ | ||
| 260 |
_aLondon: _bMarshal Cavendish learning system Editorial Advisory Board, _c1969. |
||
| 300 |
_a64 pages: _bIllustrations; _c20 cm. |
||
| 336 |
_2rdacontent _atext _btxt |
||
| 337 |
_2rdamedia _aunmediated _bn |
||
| 338 |
_2rdacarrier _avolume _bnc |
||
| 504 | _aIncludes index. | ||
| 650 | _vArchitecture | ||
| 942 |
_2lcc _n0 _cBOOKS _hNA2860 _kNA _mMAR |
||
| 999 |
_c170844 _d170844 |
||